Statistics for 🎧 Guess the Taylor Swift Song with no Hints - 8

Click here to take the quiz!

General Stats

  • This quiz has been taken 44 times
  • The average score is 299 of 404

Answer Stats

Answer% Correct
a
100%
I
100%
You
98%
you
98%
The
95%
the
95%
to
95%
me
93%
on
93%
Your
93%
your
93%
and
90%
And
90%
be
90%
It
90%
like
90%
of
90%
where
90%
do
88%
in
88%
know
88%
my
88%
when
88%
why
88%
you're
88%
But
86%
but
86%
don't
86%
it's
86%
love
86%
So
86%
That
86%
that
86%
this
86%
I'm
83%
is
83%
was
83%
All
81%
go
81%
How
81%
how
81%
I'll
81%
Just
81%
just
81%
off
81%
then
81%
did
79%
for
76%
not
76%
now
76%
us
76%
at
74%
I'd
74%
can
71%
have
71%
Never
71%
never
71%
up
71%
with
71%
are
69%
our
69%
them
69%
thought
69%
time
69%
you'd
69%
had
67%
kiss
64%
loved
64%
day
62%
last
62%
away?
60%
Away
60%
end
60%
face
60%
hands
60%
miss
60%
There's
60%
look
57%
something
57%
told
57%
we'd
57%
feel
55%
lips
55%
wish
55%
eyes
52%
Forever
52%
forever
52%
friends
52%
heart
52%
keep
52%
still
52%
those
52%
walk
52%
ask
50%
beat
50%
Because
50%
hope
50%
Hope
50%
imagined
50%
middle
50%
mind
50%
pockets
50%
again
48%
life
48%
name
48%
nice
48%
remember
48%
saying
48%
used
48%
watch
48%
breathe
45%
clothes
45%
rain
45%
shines
45%
Sit
45%
beautiful
43%
father
43%
floor
43%
forget
43%
interruptions
43%
July
43%
old
43%
pictures
43%
plan
43%
recall
43%
reminds
43%
rude
43%
sleep
43%
smell
43%
stayed
43%
sun
43%
wearing
43%
change
40%
changing
40%
dancing
40%
handshake
40%
meeting
40%
ninth
40%
planned
40%
pull
40%
step
40%
1:58
38%
arms
38%
much
38%
party
38%
pavement
38%
shirt
38%
showing
38%
through
38%
weather
38%
whispered
38%
words
38%
darkness
36%
Fresh
36%
jumps
36%
plane
36%
ran
36%
roll
36%
swing
36%
Lit
33%

Score Distribution

Percentile by Number Answered

Percent of People with Each Score

Your Score History

You have not taken this quiz